000 00346nam a2200145Ia 4500
008 200103s9999||||xx |||||||||||||| ||und||
020 _a9780713636444
040 _aIMU-MPC
082 _aColumn-16
100 _aSmith, Gerry
245 0 _aCoastal Navigation
260 _bAdlard coles Nautical, London
_c1996
300 _avii, 182
942 _cBK
999 _c5704
_d5704